| 000 | 03210nam a22002777a 4500 | ||
|---|---|---|---|
| 003 | DO-SdBNP | ||
| 005 | 20210413122429.0 | ||
| 008 | 210308b 2017 dr 00| 0 spa d | ||
| 020 | _a9789945503029 | ||
| 040 |
_aBPMSU _bSpa _cBPMSU |
||
| 082 |
_aRD861.44 _bR595p 2017 _222 |
||
| 100 | 1 |
_aRisco Bermúdez, René del _d1937-1972 |
|
| 110 | _a | ||
| 245 |
_aPoesía reunida / _cRené del Risco Bermúdez |
||
| 260 |
_aSanto Domingo : _bEditora Nacional, _c2017 |
||
| 300 |
_a279 p. ; _c21 cm. |
||
| 490 | 1 | _aPoesía | |
| 500 | _aIncluye datos biográficos del autor en la solapa de la cubierta | ||
| 505 | _aPoemas -- La casa -- Epitafio para un vecino -- La costurera --Las ramas -- Pequeña muerte -- Lo mismo. -- Se oyen pasos...tus pasos -- La infancia -- Aquel lucero --Tiempo de espera -- Soneto a oscuras --Déjame entrar a ti --Tu frente -- Yo persigo tu nombre -- Soneto con tu luz -- Soneto entusiasmado --Patria --A María Teresa Miraba --A ti --Desde entonces --Orfeo solidario --Estancia de amor --Oda de la mañana infantil --Estribillo de amor para domingos --Palabras a una muchacha hallada en una revista --Carmen sugerida frente al mar --Oda a Miramar --Voz persistente...--Eurídice invencible --Palabras por Eurídice perdida --Palabras pora Eurídice --Entrega --Verano de oficina --[Sin título] --A veces es mejor --Esta carta --Hay necesidad de ti --Oye, patria --Había muerto Milito --Oda a César Batista --Palabras al oído de un héroe --Oda sobre la tumba de mi amigo Jesús -- Justificación de la oda -- El compañero Jacques Viau -- Por la muerte de todos -- Aquí o en otras tierras -- La guerra no se olvida --Yo que la quería tanto --La guerra tiene la cabeza -- Lo mataron, sí -- Ahora que el fuego dobla -- Canto para muchacho de mi pueblo -- Meditación en la guerra -- La amiga de la guerra -- Oda gris por el soldado invasor --Carta de amor y de guerra -- Por todos nuestros muertos -- Palabras para invasores --Te escribo en el borde de la noches --Exactamente iguales...p -- Unas palabras con Che Guevara muerto -- A los pies de la estatua -- Los hombres tienen manos como de hierro -- Entonce, para que?-- Aquí cerca del mar --Estribillo de puerto Rico --Oda erguida en la muerte de Julían Grimau --Un general habla de muerte --Ofrenda lamentable a un general invasor --Caramba, general --No está bien, sin embargo --En reposo --Y se marcha --Palabras a Dios --El viento frio --Belicia, mi amiga --Todo sucederá --La mañana --Belicia, hoy quiero cantar--Si he llegado a tus manos --El diario caminar --En la ciudad --Han empezado --Esta dulce mujer --Esta ciudad --Tu, que hablas --Si nos atrevemos a salir --Y no importa --Este es un juego triste --Preferiré recordar --No era esta ciudad --No estaremos tú y yo --OTROS POEMAS --Canto para alegrar a los nautas --Sin título --Prisionero --Canto fraternal para cuba --Sin titulo --Poema de ahora --Paisajes para el amor --Habitación del día --Tú serás para siempre --Jack, el viejo --Canto para matar el amor. | ||
| 590 | _6Inventariado, 2021/VM | ||
| 650 | 4 | _aPoesía dominicana | |
| 650 | 4 | _aLiteratura dominicana | |
| 830 | _aPoesía | ||
| 910 | _aMCabrera / VMateo | ||
| 942 |
_2ddc _cBK |
||
| 999 |
_c13388 _d13388 |
||